| 000 | 00800cam a2200217 4500 | ||
|---|---|---|---|
| 001 | WB3711-31 | ||
| 008 | 000000n2001 000 0 eng u | ||
| 035 | _a(Sirsi) u111414 | ||
| 245 | _aTop city firms unite | ||
| 260 | _c2001 | ||
| 490 |
_aLaw Society's Gazette _v98(10) 8 March 2001, 8(1) |
||
| 520 | _aA group of 15 law firms with support from the British Property Federation has produced the first set of standard pre-contract enquiries for the commercial property sector in a move to reduce property transaction time delays. The draft paper is available for consultation until 4 May. | ||
| 590 | _aWB | ||
| 650 | _aPROPERTY TRANSACTIONS | ||
| 650 | _aPRE-CONTRACT ENQUIRIES | ||
| 650 | _aCONVEYANCING | ||
| 650 | _aLAW FIRMS | ||
| 650 | _aBPF | ||
| 690 | _aPROPERTY | ||
| 942 | _n0 | ||
| 999 |
_c66381 _d66381 |
||